000 03786nam a22005417a 4500
001 B-266060-079
003 dpl
005 20080605122744.0
008 080530t xxu||||| |||| 00| 0 eng d
010 _aB-266060-079
020 _a8128616495
_c145.00
035 _aB-266060-079
040 _aDPL
_bEN
082 _aS
100 _aLobdell, Scott
245 _aBoard to death /
_cby Scott Lobdell [and] Paulo Henrique; based on the series by Franklin W. Dixon
260 _aMumbai
_bEuro Books
_c2007
270 _bMumbai
_aDani Corporate Park, 158, Vidyanagari Marg, Kalina, Santacruz (E)
_e400098
300 _aunpaged
_bcol. ill.
_c20 cm (Hb)
490 _aThe Hardy Boys
700 _aHenrique,Paulo
700 _a
700 _aDixon, Franklin W.
942 _2ddc
_cCH
_hS
_mLOB
999 _c13292
_d13292